00179nam a2200085Ia 4500008004100000041000800041100001400049245002100063260000900084240625s9999 xx 000 0 und d aeng aP C QUEST aP C Q XTREME DVD c2006